| 000 | 00604nam a2200193Ia 4500 | ||
|---|---|---|---|
| 005 | 20250923150253.0 | ||
| 008 | 008 250917s9999 xx 000 0 eng d | ||
| 037 | _aTextual | ||
| 040 |
_aDSWL _beng _cDSWL |
||
| 041 |
_aeng _2eng |
||
| 084 |
_aY730aU42, P7 _qDSWL |
||
| 245 | 0 |
_aDispora and memory : Figures of displacement in contemporary literature arts and politics _cEd.by Marie Aude Baronian |
|
| 260 |
_aNew York _b Rodopi Publication _c2007 |
||
| 300 | _a207 p. | ||
| 365 |
_aGBP _b42 . 0 |
||
| 925 | _g42 . 0 | ||
| 942 |
_cTEXL _hY730aU42, P7 |
||
| 999 |
_c1461518 _d1461518 |
||